Regions - sudden death - Statistics

General Stats
  • This quiz has been taken 138 times
  • The average score is 6 of 35
Answers on the Grid
Answers color-coded by a green-red scale on the quiz's grid according to % correct below.
Alaska
Sheepshire
Narnia
Putin Oblast
Batman
Zambezia
Lapland
Bermuda Triangle
Xorazm
Mari El Republic
Territory of Squirrels
Queensland
Schwartzenegger County
Kilimanjaro
Pteranodon's Lair
Bongolava
Lazio
Crooked Island
Acre
St. George Gingerland
Phetchabun
Baikonur
Manicaland
Demerara-Mahaica
Granma
Ñeembucú
Tlaxcala
Doggerland
Niger
Qazax
Haddock
Lost Valley
Chicken Province
Vojvodina
Middlesex
Uvs
Neverland
The Daziarn Plane
Chin
Brandenburg
Haggis
Leiria
Telemark
Zuul
Hiiu
Monte Carlo/Spélugues
Finnmark
Quiché
Santa's Grotto
Hazzard County
T'Rump
Samtskhe-Javakheti
Vayots Dzor
New South Whales
 
Answer Stats
Answer % Correct
Alaska
95%
Lapland
59%
Queensland
43%
Italy Lazio
36%
Brazil Acre
31%
Brandenburg
31%
Turkey Batman
29%
Nigeria Niger
23%
Serbia Vojvodina
22%
Jamaica Middlesex
20%
Mozambique Zambezia
20%
Mexico Tlaxcala
19%
Norway Finnmark
18%
Norway Telemark
16%
North of Kazan on the Volga Mari El Republic
14%
Portugal Leiria
11%
Monaco Monte Carlo/Spélugues
10%
Tanzania Kilimanjaro
9%
South Georgia (not that one) Samtskhe-Javakheti
9%
Kazakhstan Baikonur
8%
Estonia Hiiu
8%
Uvs
7%
Armenia Vayots Dzor
7%
Myanmar Chin
5%
Central Thailand Phetchabun
5%
Azerbaijan Qazax
5%
Madagascar Bongolava
4%
Bahamas Crooked Island
4%
Guyana Demerara-Mahaica
4%
Cuba Granma
4%
Guatemala Quiché
4%
Uzbekistan Xorazm
4%
Paraguay Ñeembucú
3%
Eastern Zimbabwe Manicaland
2%
Nevis St. George Gingerland
2%
No matching quizzes found
Score Distribution
Percent of People with Each Score
Percentile by Number Answered
Your Score History
You have not taken this quiz